Agricultural production / (Record no. 868)

MARC details
000 -LEADER
fixed length control field 00636nam a22002297a 4500
001 - CONTROL NUMBER
control field BD-DhSAU 868
003 - CONTROL NUMBER IDENTIFIER
control field BD-DhSAU
005 - DATE AND TIME OF LATEST TRANSACTION
control field 20150107192127.0
008 - FIXED-LENGTH DATA ELEMENTS--GENERAL INFORMATION
fixed length control field 150107b xxu||||| |||| 00| 0 eng d
020 ## - INTERNATIONAL STANDARD BOOK NUMBER
International Standard Book Number 8171414443
040 ## - CATALOGING SOURCE
Original cataloging agency BD-DhSAU
082 ## - DEWEY DECIMAL CLASSIFICATION NUMBER
Edition number 22
Classification number 338.1
Item number NAA
100 ## - MAIN ENTRY--PERSONAL NAME
Personal name Narasaiah, M. laxmi
245 ## - TITLE STATEMENT
Title Agricultural production /
Statement of responsibility, etc. By M. laxmi Narasaiah and K. Suresh
260 ## - PUBLICATION, DISTRIBUTION, ETC. (IMPRINT)
Place of publication, distribution, etc. New delhi :
Name of publisher, distributor, etc. Discovery publishing house ;
Date of publication, distribution, etc. c1999.
300 ## - PHYSICAL DESCRIPTION
Extent vi, 129 p.:
Dimensions 22 cm.
504 ## - BIBLIOGRAPHY, ETC. NOTE
Bibliography, etc Includes bibliography and index
590 ## - Name of Cataloguer
Name of Cataloger IMRAN
650 ## - SUBJECT ADDED ENTRY--TOPICAL TERM
Topical term or geographic name as entry element Economics
650 ## - SUBJECT ADDED ENTRY--TOPICAL TERM
Topical term or geographic name as entry element Agriculture
9 (RLIN) 3
700 ## - ADDED ENTRY--PERSONAL NAME
Personal name Suresh, K.
942 ## - ADDED ENTRY ELEMENTS (KOHA)
Source of classification or shelving scheme Dewey Decimal Classification
Koha item type Book
Holdings
Withdrawn status Lost status Source of classification or shelving scheme Damaged status Not for loan Home library Branch Name Shelving location Date acquired Total Checkouts Full call number Barcode Date last seen Price effective from Koha item type Collection code
    Dewey Decimal Classification     SAU Library SAU Library General Stacks 27/08/2009   338.1 NAA 35768 07/01/2015 07/01/2015 Book  
    Dewey Decimal Classification     SAU Library SAU Library General Stacks 27/08/2009   338.1 NAA 35767 07/01/2015 07/01/2015 Book  
    Dewey Decimal Classification   Not For Loan SAU Library SAU Library Reference 27/08/2009   338.1 NAA 35766 18/04/2015 18/04/2015 Book Reference